000 00339nam a2200121Ia 4500
005 20260326235500.0
008 260326s9999||||xx |||||||||||||| ||und||
100 _aBotiva Contreras, Álvaro
245 0 _aColombia prehispánica :
_b Regiones arqueológicas /
_cÁlvaro Botiva Contreras
300 _a229 p.
650 _aHISTORIA
942 _cBK
999 _c8052
_d8052